[Event "Montreal Mercredi 05"]
[Site "Montreal"]
[Date "2009.05.27"]
[Round "3"]
[White "Maharisoa, Tantely"]
[Black "Millette, Sylvain"]
[Result "1-0"]
[WhiteElo "1573"]
[BlackElo "1652"]
[PlyCount "35"]
[EventDate "2009.05.13"]
[EventType "tourn"]
[EventRounds "5"]
[EventCountry "CAN"]
[SourceTitle "EXT 2011"]
[Source "ChessBase"]
[SourceDate "2010.11.26"]
[SourceVersion "1"]
[SourceVersionDate "2010.11.26"]
[SourceQuality "1"]

1. d4 Nf6 2. Nf3 g6 3. g3 d5 4. Nbd2 Bg7 5. Ne5 0-0 6. Bg2 c6 7. Ndf3 Nbd7 8. Bf4 Nxe5 9. Nxe5 Nd7 10. Ng4 Qb6 11. Bh6 Bxh6 12. Nxh6+ Kg7 13. Qd2 f5 14. g4 f4 15. g5 e5 16. 0-0-0 exd4 17. Ng4 Nc5 18. Qxd4+ 1-0

[Event "Sherbrooke op-A"]
[Site "Sherbrooke"]
[Date "2008.05.25"]
[Round "5"]
[White "Maharisoa, Tantely"]
[Black "Giroux, Robert"]
[Result "0-1"]
[WhiteElo "1688"]
[BlackElo "1984"]
[PlyCount "74"]
[EventDate "2008.05.23"]
[EventType "swiss"]
[EventRounds "5"]
[EventCountry "CAN"]
[SourceTitle "EXT 2011"]
[Source "ChessBase"]
[SourceDate "2010.11.26"]
[SourceVersion "1"]
[SourceVersionDate "2010.11.26"]
[SourceQuality "1"]

1. d4 g6 2. Nf3 Bg7 3. e3 c5 4. Bd3 Nf6 5. 0-0 cxd4 6. exd4 d5 7. h3 0-0 8. Re1 Nc6 9. c3 Qc7 10. Bg5 Re8 11. Bb5 Ne4 12. Nbd2 Nxg5 13. Nxg5 e6 14. Nf1 Qb6 15. Qe2 a6 16. Ba4 Qc7 17. Ne3 Rf8 18. Rad1 b5 19. Bc2 b4 20. Bd3 bxc3 21. bxc3 Bb7 22. Rb1 Rfc8 23. Rec1 Rab8 24. g3 Na5 25. h4 h6 26. Nh3 e5 27. dxe5 Bxe5 28. f4 Bg7 29. Nf2 Re8 30. Qd2 Qc5 31. Nfd1 Rbd8 32. Kh2 h5 33. Qe2 Qd6 34. Qf2 d4 35. cxd4 Bxd4 36. Nc4 Nxc4 37. Qf1 Nd2 0-1

[Event "Sherbrooke op-A"]
[Site "Sherbrooke"]
[Date "2008.05.23"]
[Round "1"]
[White "Maharisoa, Tantely"]
[Black "Desjardins, Michel"]
[Result "1/2-1/2"]
[WhiteElo "1688"]
[BlackElo "1954"]
[PlyCount "44"]
[EventDate "2008.05.23"]
[EventType "swiss"]
[EventRounds "5"]
[EventCountry "CAN"]
[SourceTitle "EXT 2011"]
[Source "ChessBase"]
[SourceDate "2010.11.26"]
[SourceVersion "1"]
[SourceVersionDate "2010.11.26"]
[SourceQuality "1"]

1. d4 d5 2. c4 c6 3. e3 Bf5 4. Nc3 e6 5. Nf3 Nf6 6. cxd5 cxd5 7. Bd3 Bxd3 8. Qxd3 Nc6 9. a3 Rc8 10. b4 Bd6 11. Bb2 0-0 12. 0-0 h6 13. e4 dxe4 14. Nxe4 Nd5 15. g3 Bb8 16. Rad1 b6 17. Ne5 Bxe5 18. dxe5 Rc7 19. Qf3 Qa8 20. Qg4 Nce7 21. Nd6 g6 22. Qe2 Nf5 1/2-1/2

[Event "Montreal Mercredi 04"]
[Site "Montreal"]
[Date "2008.04.09"]
[Round "2"]
[White "Maharisoa, Tantely"]
[Black "Lemieux, Serge"]
[Result "1-0"]
[WhiteElo "1594"]
[BlackElo "1652"]
[PlyCount "107"]
[EventDate "2008.04.02"]
[EventType "tourn"]
[EventRounds "5"]
[EventCountry "CAN"]
[SourceTitle "EXT 2011"]
[Source "ChessBase"]
[SourceDate "2010.11.26"]
[SourceVersion "1"]
[SourceVersionDate "2010.11.26"]
[SourceQuality "1"]

1. d4 d5 2. c4 c6 3. e3 Nf6 4. Nc3 g6 5. h3 Bg7 6. cxd5 cxd5 7. Bd3 0-0 8. Nf3 Nc6 9. 0-0 Re8 10. a3 a6 11. b4 b5 12. Bb2 Bb7 13. Ne5 Rc8 14. Rc1 e6 15. Bb1 Nxe5 16. dxe5 Ne4 17. Ne2 f5 18. f3 Ng5 19. Bd4 Nf7 20. f4 Bf8 21. Nc3 Qd7 22. Bd3 Nd8 23. h4 Bc6 24. g4 Re7 25. g5 Nb7 26. h5 Qe8 27. Kf2 Qd8 28. Ne2 Be8 29. Ng3 Rec7 30. Rxc7 Qxc7 31. Rh1 Qc6 32. hxg6 Bxg6 33. Nh5 Bg7 34. Nf6+ Bxf6 35. gxf6 Kf7 36. Bb2 a5 37. Qd2 axb4 38. axb4 Ra8 39. Ra1 Rg8 40. Qe2 Rc8 41. Rc1 Qd7 42. Bxb5 Qd8 43. Ra1 Rc7 44. Ra7 Qc8 45. Bd3 Nd8 46. Rxc7+ Qxc7 47. b5 Nb7 48. Bd4 Nc5 49. Qc2 Nxd3+ 50. Qxd3 Ke8 51. b6 Qc6 52. Qa6 Qc2+ 53. Kg3 Kf8 54. b7 1-0

[Event "Montreal Mercredi 02"]
[Site "Montreal"]
[Date "2008.03.12"]
[Round "4"]
[White "Millette, Sylvain"]
[Black "Maharisoa, Tantely"]
[Result "1/2-1/2"]
[WhiteElo "1625"]
[BlackElo "1576"]
[PlyCount "74"]
[EventDate "2008.02.20"]
[EventType "tourn"]
[EventRounds "5"]
[EventCountry "CAN"]
[SourceTitle "EXT 2011"]
[Source "ChessBase"]
[SourceDate "2010.11.26"]
[SourceVersion "1"]
[SourceVersionDate "2010.11.26"]
[SourceQuality "1"]

1. Nf3 c5 2. g3 Nf6 3. c4 e6 4. Bg2 d5 5. d4 Be7 6. 0-0 0-0 7. cxd5 exd5 8. dxc5 Bxc5 9. Nbd2 Nc6 10. Nb3 Be7 11. Be3 Ne4 12. a3 f5 13. Nbd4 Bf6 14. Rc1 Qd6 15. Nxc6 bxc6 16. Bf4 Qd7 17. Ne5 Bxe5 18. Bxe5 Bb7 19. b4 a5 20. f3 Qe7 21. fxe4 Qxe5 22. exd5 cxd5 23. Qd3 axb4 24. axb4 Rae8 25. Rc5 Qxe2 26. Bxd5+ Bxd5 27. Rxd5 Qe3+ 28. Qxe3 Rxe3 29. Rb1 Re7 30. b5 g6 31. b6 Rb8 32. Kf2 Reb7 33. Rd6 Kf7 34. Rc6 Ke7 35. h4 Kd7 36. Rf6 Ke7 37. Rc6 Kd7 1/2-1/2

[Event "Montreal Mercredi 01"]
[Site "Montreal"]
[Date "2008.01.30"]
[Round "4"]
[White "Marquis, Gerald"]
[Black "Maharisoa, Tantely"]
[Result "0-1"]
[WhiteElo "1533"]
[BlackElo "1510"]
[PlyCount "58"]
[EventDate "2008.01.09"]
[EventType "tourn"]
[EventRounds "5"]
[EventCountry "CAN"]
[SourceTitle "EXT 2011"]
[Source "ChessBase"]
[SourceDate "2010.11.26"]
[SourceVersion "1"]
[SourceVersionDate "2010.11.26"]
[SourceQuality "1"]

1. e4 c5 2. Nc3 Nc6 3. g3 Nf6 4. Bg2 g6 5. d3 Bg7 6. Be3 d6 7. h3 Rb8 8. Qd2 Qb6 9. Nd1 h5 10. f4 Qc7 11. Nf3 d5 12. e5 d4 13. exf6 dxe3 14. Qxe3 Bxf6 15. Qxc5 b6 16. Qc4 Be6 17. Qe4 Bf5 18. Qc4 Be6 19. Qb5 a6 20. Qxa6 b5 21. Nc3 Nb4 22. Nxb5 Qxc2 23. Qa7 Nxd3+ 24. Kf1 Rxb5 25. Qa8+ Bc8 26. Kg1 Rxb2 27. Ne1 Nxe1 28. Rxe1 0-0 29. Rh2 Qf2+ 0-1

[Event "Montreal Mercredi 01"]
[Site "Montreal"]
[Date "2008.01.09"]
[Round "1"]
[White "Chenard, Yanick"]
[Black "Maharisoa, Tantely"]
[Result "0-1"]
[WhiteElo "1452"]
[BlackElo "1510"]
[PlyCount "100"]
[EventDate "2008.01.09"]
[EventType "tourn"]
[EventRounds "5"]
[EventCountry "CAN"]
[SourceTitle "EXT 2011"]
[Source "ChessBase"]
[SourceDate "2010.11.26"]
[SourceVersion "1"]
[SourceVersionDate "2010.11.26"]
[SourceQuality "1"]

1. d4 d5 2. c4 e6 3. Nc3 Nf6 4. Nf3 Nbd7 5. Bg5 Be7 6. e3 0-0 7. Bd3 Re8 8. 0-0 c6 9. Qc2 Nf8 10. Ne5 N6d7 11. Bxe7 Qxe7 12. f4 Qh4 13. Rf3 f5 14. cxd5 Nxe5 15. dxe5 cxd5 16. Nb5 Bd7 17. Nd6 Reb8 18. Rh3 Qd8 19. g4 g6 20. gxf5 gxf5 21. Qg2+ Ng6 22. Kh1 Qe7 23. Rg3 Kh8 24. Rc1 Bc6 25. Be2 Rg8 26. Qh3 d4+ 27. Rxc6 bxc6 28. exd4 Nxf4 29. Qf1 Nxe2 30. Qxe2 Rxg3 31. hxg3 Rg8 32. Kg2 f4 33. g4 h5 34. Kf3 Rxg4 35. Qe4 Rg3+ 36. Ke2 Re3+ 37. Qxe3 fxe3 38. Kxe3 Kg7 39. d5 exd5 40. Nf5+ Kf7 41. Nxe7 Kxe7 42. b4 h4 43. Kf4 h3 44. Kg3 Ke6 45. Kxh3 Kxe5 46. Kg3 Ke4 47. Kf2 Kd3 48. Ke1 Kc2 49. a3 d4 50. a4 d3 0-1

[Event "Montreal Mercredi 11"]
[Site "Montreal"]
[Date "2007.11.21"]
[Round "1"]
[White "Maharisoa, Tantely"]
[Black "Chesnut, Walter"]
[Result "1-0"]
[WhiteElo "1510"]
[BlackElo "1428"]
[PlyCount "81"]
[EventDate "2007.11.21"]
[EventType "swiss"]
[EventRounds "5"]
[EventCountry "CAN"]
[SourceTitle "EXT 2022"]
[Source "ChessBase"]
[SourceDate "2021.10.06"]
[SourceVersion "1"]
[SourceVersionDate "2021.10.06"]
[SourceQuality "1"]

1. d4 d5 2. c4 c6 3. e3 Bf5 4. Nc3 e6 5. Nf3 Nf6 6. Be2 Bd6 7. 0-0 Nbd7 8. b3 0-0 9. Bb2 e5 10. cxd5 exd4 11. Qxd4 cxd5 12. Nxd5 Bc5 13. Nxf6+ Qxf6 14. Qd2 Qh6 15. Rfd1 Rfd8 16. Qd5 Bg4 17. Ne5 Nxe5 18. Qxd8+ Rxd8 19. Rxd8+ Bf8 20. Bxg4 Qf6 21. Rd2 Qe7 22. Be2 h6 23. Rad1 Kh7 24. Rd5 Ng6 25. Rd7 Qc5 26. Bc4 Ne5 27. R7d5 Nxc4 28. Rxc5 Nxb2 29. Rcc1 Nxd1 30. Rxd1 Kg6 31. Rd7 a5 32. Rxb7 Bb4 33. Rb5 f5 34. f4 Kf6 35. Rb6+ Ke7 36. h4 Bc5 37. Rb7+ Kf6 38. Kf2 Kg6 39. Rb5 Bb4 40. Rb6+ Kh5 41. g3 1-0

[Event "Montreal Fete du travail"]
[Site "Montreal"]
[Date "2007.09.03"]
[Round "5"]
[White "Lemieux, Serge"]
[Black "Maharisoa, Tantely"]
[Result "0-1"]
[WhiteElo "1517"]
[BlackElo "1551"]
[PlyCount "54"]
[EventDate "2007.09.01"]
[EventType "swiss"]
[EventRounds "5"]
[EventCountry "CAN"]
[SourceTitle "EXT 2022"]
[Source "ChessBase"]
[SourceDate "2021.10.06"]
[SourceVersion "1"]
[SourceVersionDate "2021.10.06"]
[SourceQuality "1"]

1. d4 Nf6 2. c4 e6 3. Nc3 d5 4. Bg5 Be7 5. e3 Nbd7 6. Nf3 c6 7. Bd3 0-0 8. c5 Re8 9. h4 Ng4 10. Ne5 Ngxe5 11. dxe5 h6 12. Qh5 Bxg5 13. hxg5 Qxg5 14. Qxg5 hxg5 15. f4 Nxc5 16. Bh7+ Kf8 17. fxg5 g6 18. 0-0-0 Kg7 19. Rh6 Rh8 20. Rdh1 Nd3+ 21. Kd2 Nxe5 22. Ne2 Ng4 23. R6h4 e5 24. Ng3 Be6 25. b3 a5 26. e4 Nf2 27. R1h2 Nxe4+ 0-1

[Event "Montreal Mercredi 04"]
[Site "Montreal"]
[Date "2007.04.11"]
[Round "2"]
[White "Matheson, Ben"]
[Black "Maharisoa, Tantely"]
[Result "1-0"]
[WhiteElo "1514"]
[BlackElo "1548"]
[PlyCount "53"]
[EventDate "2007.04.04"]
[EventType "swiss"]
[EventRounds "5"]
[EventCountry "CAN"]
[SourceTitle "EXT 2022"]
[Source "ChessBase"]
[SourceDate "2021.10.06"]
[SourceVersion "1"]
[SourceVersionDate "2021.10.06"]
[SourceQuality "1"]

1. e4 c5 2. Nc3 e6 3. d3 Nc6 4. g3 d6 5. Bg2 Nf6 6. Bg5 h6 7. Bf4 g5 8. Bd2 Rb8 9. f4 Rg8 10. Nh3 g4 11. Nf2 Nh5 12. Nxg4 Nf6 13. Ne3 Nd7 14. 0-0 Bg7 15. f5 Bd4 16. fxe6 Nf6 17. exf7+ Kxf7 18. Kh1 Ne7 19. Ned5 Bg4 20. Bf3 Qd7 21. Nxf6 Bxf6 22. Bxg4 Rxg4 23. Bxh6 Rxg3 24. Qh5+ Rg6 25. Rxf6+ Kxf6 26. Rf1+ Ke6 27. Qh3+ 1-0

[Event "Quebec-ch qual2"]
[Site "Montreal"]
[Date "2006.05.21"]
[Round "5"]
[White "Maharisoa, Tantely"]
[Black "Bolduc, Rene"]
[Result "0-1"]
[WhiteElo "1520"]
[BlackElo "1409"]
[PlyCount "52"]
[EventDate "2006.05.19"]
[EventType "swiss"]
[EventRounds "5"]
[EventCountry "CAN"]
[SourceTitle "EXT 2007"]
[Source "ChessBase"]
[SourceDate "2006.11.23"]
[SourceVersion "1"]
[SourceVersionDate "2006.11.23"]
[SourceQuality "1"]

1. d4 d5 2. c4 dxc4 3. Nf3 Nf6 4. e3 e6 5. Bxc4 b6 6. 0-0 Be7 7. Nc3 Bb7 8. Re1 0-0 9. a3 Nbd7 10. Bd3 Nd5 11. Bd2 Nxc3 12. Bxc3 h6 13. Rc1 Rc8 14. e4 Bf6 15. Re3 c5 16. Bb1 cxd4 17. Nxd4 Ne5 18. Rg3 Ng6 19. Qh5 Qxd4 20. Rd1 Qc5 21. e5 Bh4 22. Bd4 Qd5 23. Be3 Qxe5 24. Qxh4 Nxh4 25. Bd4 Qxd4 26. Rxd4 Rc1+ 0-1